Excuses begone! : (Record no. 873)

MARC details
000 -LEADER
fixed length control field 01746cam a2200289 a 4500
005 - DATE AND TIME OF LATEST TRANSACTION
control field 20260322212037.0
008 - FIXED-LENGTH DATA ELEMENTS--GENERAL INFORMATION
fixed length control field data
010 ## - LIBRARY OF CONGRESS CONTROL NUMBER
LC control number 2008053700
020 ## - INTERNATIONAL STANDARD BOOK NUMBER
International Standard Book Number 9781401921736 (alk. paper)
020 ## - INTERNATIONAL STANDARD BOOK NUMBER
International Standard Book Number 1401921736
040 ## - CATALOGING SOURCE
Original cataloging agency DLC
Transcribing agency DLC
050 00 - LIBRARY OF CONGRESS CALL NUMBER
Classification number BF441
Item number .D94 2009
082 00 - DEWEY DECIMAL CLASSIFICATION NUMBER
Classification number 158.1
Edition information 22
092 ## - LOCALLY ASSIGNED DEWEY CALL NUMBER (OCLC)
Classification number 158.1 D94 2009
001 - CONTROL NUMBER
control field data
100 1# - MAIN ENTRY--PERSONAL NAME
Personal name Dyer, Wayne W.
245 10 - TITLE STATEMENT
Title Excuses begone! :
Remainder of title how to change lifelong, self-defeating thinking habits /
Statement of responsibility, etc. Wayne W. Dyer.
250 ## - EDITION STATEMENT
Edition statement 1st ed.
260 ## - PUBLICATION, DISTRIBUTION, ETC.
Place of publication, distribution, etc. Carlsbad, Calif. :
Name of publisher, distributor, etc. Hay House,
Date of publication, distribution, etc. 2009.
300 ## - PHYSICAL DESCRIPTION
Extent xiii, 257 p. ;
Dimensions 24 cm.
505 0# - FORMATTED CONTENTS NOTE
Formatted contents note Identifying and removing habitual thinking -- Yes, you can change old habits -- Your two minds -- Your excuse catalog -- The key excuses begone principles -- The first principle : awareness -- The second principle : alignment -- The third principle : now -- The fourth principle : contemplation -- The fifth principle : willingness -- The sixth principle : passion -- The seventh principle : compassion -- The excuses begone paradigm shift -- A new way of looking at changing old thinking habits -- The first question : is it true? -- The second question : where did the excuses come from? -- The third question : what's the payoff? -- The fourth question : what would my life look like if I couldn't use these excuses? -- The fifth question : can I create a rational reason to change? -- The sixth question : can I access universal cooperation in shedding old habits? -- The seventh question : how do I continuously reinforce this new way of being?.
650 #0 - SUBJECT ADDED ENTRY--TOPICAL TERM
Topical term or geographic name entry element Thought and thinking.
650 #0 - SUBJECT ADDED ENTRY--TOPICAL TERM
Topical term or geographic name entry element Self-defeating behavior.
650 #0 - SUBJECT ADDED ENTRY--TOPICAL TERM
Topical term or geographic name entry element Change (Psychology)
650 #0 - SUBJECT ADDED ENTRY--TOPICAL TERM
Topical term or geographic name entry element Self-actualization (Psychology)
650 #0 - SUBJECT ADDED ENTRY--TOPICAL TERM
Topical term or geographic name entry element Habit breaking.
Holdings
Withdrawn status Lost status Damaged status Not for loan Home library Current library Shelving location Date acquired Total checkouts Full call number Barcode Date last seen Price effective from Koha item type
        Franklin Franklin General stacks 22/03/2026   158.1 22 BC0010899 22/03/2026 22/03/2026 Books